Statistics for A Quiz About Olives

Click here to take the quiz!

General Stats

  • This quiz has been taken 189 times
  • The average score is 13 of 20

Answer Stats

HintAnswer% Correct
Ancient athletic competition in which the winner's prize was an olive wreathOlympics
94%
The olive branch is the symbol of many things, but it primarily represents thisPeace
92%
Sea around which most of the olives are producedMediterranean Sea
90%
Author of "Oliver Twist"Charles Dickens
84%
American casual dining restaurant chainOlive {Garden}
83%
Country that produces the most olive oilSpain
82%
High-quality grade of olive oil that one uses mainly as a salad dressingExtra Virgin
78%
Lord Protecter of the Commonwealth of England between 1653–1658Oliver Cromwell
73%
Singer who wants to get physical... physicalOlivia Newton-John
70%
Stan Laurel's comedic partnerOliver Hardy
69%
Two countries that have an olive branch on their flag (name either)Cyprus | Eritrea
61%
The olive tree is one of the symbols of this ancient Greek goddessAthena
60%
British chef who hosted "The Naked Chef"Jamie Oliver
58%
Greek city for which a type of olive is namedKalamata
56%
Director of "JFK" and "Platoon"Oliver Stone
51%
He painted 15 paintings of olive trees while living in southern France in 1889Vincent van Gogh
50%
City in which you'd find the Mount of OlivesJerusalem
40%
Former Disney TV actress who sang "good 4 u"Olivia Rodrigo
40%
British actress who won an Oscar for her role as Queen AnneOlivia Colman
32%
German goalkeeper who won the Golden Ball at the 2002 FIFA World CupOliver Kahn
22%

Score Distribution

Percentile by Number Answered

Percent of People with Each Score

Your Score History

You have not taken this quiz